00643nam a2200217 a 4500001001300000003000900013005001700022008004100039020002200080082001700102100002500119245004300144260003100187300000800218500003500226650001600261902000800277942000700285952011600292999001700408nice12345678IN_TiNIC20260116014652.0081016s2003 dela grp 000 0 eng  a8188822035 c2000a340.59bGHA1 aGhani, M Mufti Abdul aRights of Husband and Wife of in Islam aDelhibRightway Pub c2003 a34p aincludes index and biblioraphy aIslamic-Law bSRS cBK 001040708StackRoom-aHMIbHMId2008-10-16g20.00l0o340.59 GHA1p022514r2008-10-16v20.00w2008-10-16yBK c16413d16413